01921njm a2200325 i 45000010005000000030009000050050017000140070015000310080041000462450295000872600041003823000054004234900114004775000038005915050111006295180315007406100069010557000028011247000047011527000020011997000030012197000033012497100022012827100049013047100056013537100012014098300114014218520030015358520030015654981ES-MaACL20250622050154.0s|r|||||||||||070906s1984 sp ||| g ||||||||1|nspa d00aPresentación del libro sobre Guatemala en el I aniversario del Tribunal Permanente de los Pueblos-Sesión Guatemala h[Grabación sonora] / cintervienen Juan Carmelo García, José Antonio Martín Pallín, Julio Nevares, Marco Antonio Sagastume ; modera María del Carmen Victory. aMadrid : bAteneo de Madrid, c1984. a2 discos (CD-DA) (2 h. 6 min. 12 seg.) ; c12 cm.1 aRelaciones España con Guatemala : dimensión ética, jurídica y política, 31 enero 1980-31 enero 1984 aDatos basados en la invitación.8 aIncluye además un acto de recuerdo del IV aniversario del asalto de la Embajada de España en Guatemala aActo organizado por la Comisión de Derechos Humanos de Guatemala, el Comité de Solidaridad con el Pueblo de Guatemala, el Instituto de Estudios Políticos para América Latina y Africa en colaboración con el Ateneo de Madrid, grabado en el salón de actos el martes 31 de marzo de 1984, a las 19:30 h.04aAteneo de Madrid-xActos culturales-y1984-vGrabaciones sonoras1 aGarcía, Juan Carmelo.0 aMartín Pallín, José Antonio, d1936-1 aNevares, Julio.1 aSagastume, Marco Antonio.1 aVictory, María del Carmen.2 aAteneo de Madrid.2 aComisión de Derechos Humanos de Guatemala.2 aComité de Solidaridad con el Pueblo de Guatemala.2 aIEPALA.0 aRelaciones España con Guatemala : dimensión ética, jurídica y política, 31 enero 1980-31 enero 1984 aES-MaACLjROT 5/5/33cROT aES-MaACLjROT 5/5/34cROT